Govt. of
Madhya Pradesh

How To Make Decisions About People (Record no. 13797)

MARC details
000 -LEADER
fixed length control field 003580000a22001570004500
001 - CONTROL NUMBER
control field 001881
003 - CONTROL NUMBER IDENTIFIER
control field MACL
040 ## - CATALOGING SOURCE
Original cataloging agency MACL
090 ## - LOCALLY ASSIGNED LC-TYPE CALL NUMBER (OCLC); LOCAL CALL NUMBER (RLIN)
-- 13874
-- 13873
100 ## - MAIN ENTRY--PERSONAL NAME
Personal name Dailey, Charles
245 ## - TITLE STATEMENT
Title How To Make Decisions About People
Statement of responsibility, etc. Charles Dailey
260 ## - PUBLICATION, DISTRIBUTION, ETC. (IMPRINT)
Place of publication, distribution, etc. Crest Publishing House,
Date of publication, distribution, etc. 2001
350 ## - PRICE (NR) (BK AM CF MU VM SE) [OBSOLETE]
Price 75
650 ## - SUBJECT ADDED ENTRY--TOPICAL TERM
Topical term or geographic name as entry element Psychology
942 ## - ADDED ENTRY ELEMENTS (KOHA)
Call number prefix 159
Koha item type Library Membar
Holdings
Withdrawn status Lost status Source of classification or shelving scheme Damaged status Not for loan Home library Current library Date acquired Cost, normal purchase price Total Checkouts Full call number Barcode Date last seen Date last checked out Uniform Resource Identifier Price effective from Koha item type
          MACL MACL 29/04/2015 75.00 1 159 DAL CRE014048 02/05/2024 05/07/2015 13676 15/04/2015 Books